ملف مكافحة الارهاب (Record no. 5702)
[ view plain ]
| 000 -الفاتح | |
|---|---|
| حقل البيانات ثابتة الطول | 00690nam a2200205Ia 4500 |
| 005 - وقت وتاريخ اخر تعامل مع التسجيلة | |
| رقم الضبط | 20240530095256.0 |
| 008 - عناصر البيانات ثابتة الطول - معلومات عامة | |
| حقل البيانات ثابتة الطول | 140319s9999 xx 000 0 ara d |
| 040 ## - مصدر الفهرسة | |
| وكالة الفهرسة الأصلية | GCL / |
| وكالة النسخ | GCL |
| 082 04 - رقم تصنيف ديوى العشرى | |
| رقم التصنيف | 364.131 |
| رقم المادة | ق/م م |
| 245 10 - بيان العنوان | |
| العنوان | ملف مكافحة الارهاب |
| 260 ## - PUBLICATION, DISTRIBUTION, ETC. (IMPRINT) | |
| تاريخ النشر أو التوزيع | 2003 |
| 300 ## - الوصف المادى | |
| التعداد | متعدد ؛ |
| أبعاد الوعاء | 32 سم |
| 650 04 - المدخل الاضافى بالموضوع-مصطلح موضوعى | |
| مصطلح موضوعي | التخريب والتدمير |
| 650 04 - المدخل الاضافى بالموضوع-مصطلح موضوعى | |
| مصطلح موضوعي | جرائم ضد الانسانية |
| 650 04 - المدخل الاضافى بالموضوع-مصطلح موضوعى | |
| مصطلح موضوعي | العنف - مصر |
| 650 04 - المدخل الاضافى بالموضوع-مصطلح موضوعى | |
| مصطلح موضوعي | الارهاب - مصر |
| 650 04 - المدخل الاضافى بالموضوع-مصطلح موضوعى | |
| مصطلح موضوعي | الارهاب - مقالات ومحاضرات |
| 942 ## - عناصر المدخل الإضافي( كوها) | |
| مصدر التصنيف او مخطط الترفيف | Dewey Decimal Classification |
| Koha [default] item type | كتاب |
| 260 ## - PUBLICATION, DISTRIBUTION, ETC. (IMPRINT) | |
| -- | القاهرة : |
| -- | مركز الاهرام للتنظيم وتكنولوجيا المعلومات ، |
| حالة التراجع | حالة الفقد | مصدر التصنيف او خطة الترفيف | حالة تلف | ليس للاعارة | المكان المؤقت | الموقع الحالى | تاريخ الاكتساب | اجمالي اﻻعارات | رقم الطلب | الباركود | تاريخ اخر مشاهدة | تاريخ تفعيل السعر | نوع وعاء كوها |
|---|---|---|---|---|---|---|---|---|---|---|---|---|---|
| ddc | مكتبة القاهرة الكبرى | مكتبة القاهرة الكبرى | 03/26/2014 | 364.131 ق/م م | 12093 | 03/26/2014 | 03/26/2014 | كتاب | |||||
| ddc | مكتبة القاهرة الكبرى | مكتبة القاهرة الكبرى | 03/26/2014 | 364.131 ق/م م | 12094 | 03/26/2014 | 03/26/2014 | كتاب | |||||
| ddc | مكتبة القاهرة الكبرى | مكتبة القاهرة الكبرى | 03/26/2014 | 364.131 ق/م م | 12095 | 10/05/2022 | 03/26/2014 | كتاب | |||||
| ddc | مكتبة القاهرة الكبرى | مكتبة القاهرة الكبرى | 03/26/2014 | 364.131 ق/م م | 12096 | 03/26/2014 | 03/26/2014 | كتاب |

